Instruments in a Symphonic Orchestra - Statistics

General Stats
  • This quiz has been taken 242 times
    185 since last reset
  • The average score is 21 of 31
Answer Stats
Hint Answer % Correct
Strings Violin
100%
Strings Cello
97%
Woodwinds Flute
97%
Brass Trumpet
97%
Strings Viola
97%
Strings Bass
96%
Woodwinds Clarinet
95%
Brass Trombone
93%
Brass Tuba
93%
Brass French Horn
91%
Woodwinds Oboe
91%
Strings/Percussion Piano
88%
Woodwinds Bassoon
86%
Strings Harp
83%
Woodwinds Piccolo
82%
Percussion Timpani
76%
Percussion Xylophone
67%
Woodwinds Bass Clarinet
63%
Percussion Cymbal
62%
Percussion Bass Drum
59%
Percussion Snare Drum
58%
Percussion Triangle
57%
Percussion Marimba
55%
Woodwinds English Horn
51%
Woodwinds Contra Bassoon
45%
Percussion Gong
42%
Brass Bass Trombone
37%
Brass Cornet
28%
Percussion Tambourine
26%
Percussion Tubular Bells
12%
Percussion Castanets
8%
No matching quizzes found
Score Distribution
Percent of People with Each Score
Percentile by Number Answered
Your Score History
You have not taken this quiz since the last reset